[Event "COL-ch sf"]
[Site "Santa Rosa"]
[Date "2021.08.14"]
[Round "7"]
[White "Majul Zappa, Andres Felipe"]
[Black "Toro Ortega, Jhefferson"]
[Result "0-1"]
[WhiteElo "1600"]
[BlackElo "1363"]
[PlyCount "82"]
[EventDate "2021.08.11"]
[EventType "swiss"]
[EventRounds "11"]
[EventCountry "COL"]
[SourceTitle "CBM 204 Extra"]
[Source "ChessBase"]
[SourceDate "2021.11.30"]
[SourceVersion "1"]
[SourceVersionDate "2021.11.30"]
[SourceQuality "1"]

1. e4 c5 2. Nf3 Nc6 3. Bc4 d6 4. h3 Nf6 5. Nc3 Nxe4 6. Bxf7+ Kxf7 7. Nxe4 h6 8. d4 cxd4 9. Nxd4 Qa5+ 10. Nc3 Qe5+ 11. Be3 Nxd4 12. Qxd4 Qxd4 13. Bxd4 b6 14. 0-0-0 Bb7 15. f3 Rg8 16. Rhe1 g6 17. Ne2 Bg7 18. Bxg7 Kxg7 19. Nf4 Kf6 20. Ne6 Rac8 21. Rd4 g5 22. h4 Rc6 23. hxg5+ hxg5 24. f4 g4 25. Ng5 Bc8 26. Nh7+ Kf7 27. Rde4 Rc7 28. Ng5+ Kf6 29. Ne6 Rc6 30. Nd4 Rc4 31. b3 Rc7 32. Rh1 Bf5 33. Nxf5 Kxf5 34. Rhe1 Rgc8 35. c4 b5 36. g3 bxc4 37. b4 Kf6 38. Kc2 d5 39. Re6+ Kf7 40. Kc3 Rd8 41. Kd4 c3 0-1

[Event "COL-ch sf"]
[Site "Santa Rosa"]
[Date "2021.08.13"]
[Round "4"]
[White "Guerrero Avila, Hernando"]
[Black "Majul Zappa, Andres Felipe"]
[Result "1-0"]
[WhiteElo "1808"]
[BlackElo "1600"]
[PlyCount "59"]
[EventDate "2021.08.11"]
[EventType "swiss"]
[EventRounds "11"]
[EventCountry "COL"]
[SourceTitle "CBM 204 Extra"]
[Source "ChessBase"]
[SourceDate "2021.11.30"]
[SourceVersion "1"]
[SourceVersionDate "2021.11.30"]
[SourceQuality "1"]

1. e4 d6 2. d4 e5 3. d5 Nf6 4. Nf3 c6 5. Nc3 Bg4 6. h3 Bxf3 7. Qxf3 Qb6 8. Bd3 Be7 9. 0-0 0-0 10. b3 a6 11. Bb2 Nbd7 12. Ne2 Rac8 13. c4 Rfe8 14. Bc3 Bf8 15. Ng3 g6 16. h4 Qd8 17. h5 Bg7 18. hxg6 hxg6 19. Kh2 Kf8 20. Rh1 Ke7 21. Bd2 Rh8+ 22. Kg1 Rxh1+ 23. Kxh1 Qh8+ 24. Kg1 Qh4 25. Kf1 Rh8 26. Ke2 Qg4 27. Rh1 Rxh1 28. Qxg4 Re1+ 29. Kxe1 Nxg4 30. Bg5+ 1-0

[Event "COL-ch sf"]
[Site "Santa Rosa"]
[Date "2021.08.11"]
[Round "1"]
[White "Majul Zappa, Andres Felipe"]
[Black "Torres, Jaime Alberto"]
[Result "0-1"]
[WhiteElo "1600"]
[BlackElo "1986"]
[PlyCount "54"]
[EventDate "2021.08.11"]
[EventType "swiss"]
[EventRounds "11"]
[EventCountry "COL"]
[SourceTitle "CBM 204 Extra"]
[Source "ChessBase"]
[SourceDate "2021.11.30"]
[SourceVersion "1"]
[SourceVersionDate "2021.11.30"]
[SourceQuality "1"]

1. e4 c5 2. Nf3 Nc6 3. Bc4 e6 4. e5 d5 5. exd6 Bxd6 6. d4 cxd4 7. 0-0 Nf6 8. Bg5 0-0 9. Nbd2 e5 10. Re1 h6 11. Bh4 Bf5 12. Bb3 g5 13. Bg3 e4 14. Nxd4 Nxd4 15. Bxd6 Qxd6 16. Nc4 Qc5 17. Ne3 Rad8 18. Qc1 Ng4 19. c3 Nxb3 20. axb3 Nxe3 21. fxe3 Rd3 22. b4 Qb6 23. Ra5 Rfd8 24. Rc5 Bg6 25. Qc2 Qd6 26. g3 Rd2 27. Qa4 Qe6 0-1